|
|
|
|
| LEADER |
01322nam a2200349 a 4500 |
| 001 |
32088 |
| 003 |
BD-DhAAL |
| 005 |
20171023123635.0 |
| 008 |
171023r2013 enk b 001 0 eng |
| 999 |
|
|
|c 38459
|d 38459
|
| 010 |
|
|
|a 89024051
|
| 020 |
|
|
|a 0415014824
|
| 020 |
|
|
|a 0415014832 (pbk.)
|
| 020 |
|
|
|a 9780415014823 (hbk)
|
| 020 |
|
|
|a 9780415861885 (pbk)
|
| 040 |
|
|
|a DLC
|c DLC
|d DLC
|d BD-DhAAL
|
| 050 |
0 |
0 |
|a PN56.N19
|b N38 1990
|
| 082 |
0 |
0 |
|a 809.93358
|2 20
|
| 245 |
0 |
0 |
|a Nation and narration /
|c edited by Homi K. Bhabha.
|
| 260 |
|
|
|a London ;
|a New York :
|b Routledge,
|c 1990. [ paperback 2013 ]
|
| 264 |
|
|
|a London ;
|a New York :
|b Routledge,
|c 1990. [ paperback 2013 ]
|
| 300 |
|
|
|a viii, 333 pages ;
|c 24 cm.
|
| 504 |
|
|
|a Includes bibliographical references and index.
|
| 526 |
|
|
|a ARC
|
| 541 |
|
|
|a Trim Education
|e 32088
|
| 650 |
|
0 |
|a Nationalism in literature.
|9 22602
|
| 650 |
|
0 |
|a Imperialism in literature.
|9 22603
|
| 650 |
|
0 |
|a Politics and literature.
|9 22604
|
| 650 |
|
0 |
|a Literature, Modern
|x History and criticism.
|9 22605
|
| 700 |
1 |
|
|a Bhabha, Homi K.,
|d 1949-
|4 Editor
|9 22606
|
| 942 |
|
|
|2 ddc
|c BK
|
| 952 |
|
|
|0 0
|1 0
|2 ddc
|4 0
|6 809_933580000000000_NAT
|7 0
|9 61632
|a BRACUL
|b BRACUL
|c GEN
|d 2017-10-23
|e Trim Education
|g 3256.00
|l 5
|m 6
|o 809.93358 NAT
|p 3010032088
|r 2025-11-20
|s 2025-11-20
|t 1
|v 3256.00
|w 2017-10-23
|y BK
|